[Event "Rhein Main op 11th"]
[Site "Bad Homburg"]
[Date "2008.05.25"]
[Round "7"]
[White "Koellmer, Hans Peter"]
[Black "Kissing, Freya Margarethe"]
[Result "1/2-1/2"]
[WhiteElo "1590"]
[BlackElo "1278"]
[PlyCount "46"]
[EventDate "2008.05.21"]
[EventType "swiss"]
[EventRounds "7"]
[EventCountry "GER"]
[SourceTitle "CBM 124 Extra"]
[Source "ChessBase"]
[SourceDate "2008.07.03"]
[SourceVersion "1"]
[SourceVersionDate "2008.07.03"]
[SourceQuality "1"]

1. e4 e6 2. d3 d5 3. Nd2 Bd6 4. g3 dxe4 5. Nxe4 Nf6 6. Bg2 Be5 7. Nc5 Nc6 8. c3 0-0 9. Nf3 Bd6 10. Nb3 e5 11. Qc2 Bf5 12. Nh4 Be6 13. 0-0 Re8 14. Re1 Bd5 15. Nf3 Qd7 16. Nbd2 Re7 17. a3 Rae8 18. Ne4 Nxe4 19. dxe4 Be6 20. c4 Bg4 21. Be3 Bxf3 22. Bxf3 Nd4 23. Bxd4 exd4 1/2-1/2

[Event "Rhein Main op 11th"]
[Site "Bad Homburg"]
[Date "2008.05.22"]
[Round "2"]
[White "Kissing, Freya Margarethe"]
[Black "Donchenko, Alexander"]
[Result "0-1"]
[WhiteElo "1278"]
[BlackElo "1813"]
[PlyCount "82"]
[EventDate "2008.05.21"]
[EventType "swiss"]
[EventRounds "7"]
[EventCountry "GER"]
[SourceTitle "CBM 124 Extra"]
[Source "ChessBase"]
[SourceDate "2008.07.03"]
[SourceVersion "1"]
[SourceVersionDate "2008.07.03"]
[SourceQuality "1"]

1. e4 c5 2. Nc3 e6 3. g3 Nc6 4. Bg2 d6 5. d3 Be7 6. f4 a6 7. Nf3 Qc7 8. 0-0 b5 9. Qe1 Nf6 10. Nd1 Bb7 11. Nf2 Rc8 12. g4 Nb4 13. Qc3 d5 14. g5 d4 15. Nxd4 cxd4 16. Qxc7 Rxc7 17. gxf6 Nxc2 18. fxe7 Nxa1 19. Bd2 Nc2 20. Rc1 Kxe7 21. Bb4+ Kd7 22. Ba5 Rcc8 23. Ng4 f6 24. e5 Bxg2 25. Kxg2 Ne3+ 26. Kf3 Rxc1 27. exf6 Nxg4 28. Kxg4 gxf6 29. Bb6 e5 30. Kf5 Rb8 31. Bxd4 exd4 32. Kxf6 Rf8+ 33. Ke5 Re1+ 34. Kxd4 Rxf4+ 35. Kc5 Re5+ 36. Kb6 b4 37. Kxa6 Rf6+ 38. Kb7 Rb5+ 39. Ka7 Kc6 40. a4 Ra5+ 41. Kb8 Rf8# 0-1

[Event "Rhein Main op 11th"]
[Site "Bad Homburg"]
[Date "2008.05.21"]
[Round "1"]
[White "Froehlich Dill, Astrid"]
[Black "Kissing, Freya Margarethe"]
[Result "1-0"]
[WhiteElo "1997"]
[BlackElo "1278"]
[PlyCount "61"]
[EventDate "2008.05.21"]
[EventType "swiss"]
[EventRounds "7"]
[EventCountry "GER"]
[SourceTitle "CBM 124 Extra"]
[Source "ChessBase"]
[SourceDate "2008.07.03"]
[SourceVersion "1"]
[SourceVersionDate "2008.07.03"]
[SourceQuality "1"]

1. d4 Nf6 2. c4 c5 3. d5 d6 4. Nc3 e6 5. e4 exd5 6. cxd5 Nbd7 7. Bd3 Ne5 8. Bc2 Qb6 9. Nge2 Be7 10. 0-0 0-0 11. Rb1 Bg4 12. Kh1 Rab8 13. f3 c4 14. fxg4 Nfxg4 15. Qd4 Bd8 16. h3 Qxd4 17. Nxd4 Bb6 18. Nce2 Nf6 19. Bf4 Rfe8 20. Nf5 Nd3 21. Nxd6 Nxe4 22. Nxe8 Nef2+ 23. Kh2 Rxe8 24. Bxd3 cxd3 25. Nc3 h6 26. Bg3 d2 27. Bxf2 Bxf2 28. Rxf2 Re1 29. Rf1 d1Q 30. Rxd1 Rxf1 31. Rxf1 1-0